Highest Value Coin for each European Country - Statistics

General Stats
  • This quiz has been taken 7 times
  • The average score is 27 of 46
Answer Stats
Country Highest value Coin % Correct
Andorra 2 Euro
100%
Austria 2 Euro
100%
Belgium 2 Euro
100%
Croatia 2 Euro
100%
Cyprus 2 Euro
100%
Estonia 2 Euro
100%
Finland 2 Euro
100%
France 2 Euro
100%
Germany 2 Euro
100%
Greece 2 Euro
100%
Ireland 2 Euro
100%
Italy 2 Euro
100%
Latvia 2 Euro
100%
Lithuania 2 Euro
100%
Luxembourg 2 Euro
100%
Malta 2 Euro
100%
Monaco 2 Euro
100%
Netherlands 2 Euro
100%
Portugal 2 Euro
100%
San Marino 2 Euro
100%
Slovakia 2 Euro
100%
Slovenia 2 Euro
100%
Spain 2 Euro
100%
Vatican City 2 Euro
100%
United Kingdom 2 Pounds
67%
Czechia 50 Korun
50%
Bulgaria 2 Leva
33%
Iceland 100 Kronur
17%
Moldova 10 Lei
17%
Hungary 200 Forint
17%
Denmark 20 Kroner
17%
Norway 20 Kroner
17%
Romania 50 Bani
17%
North Macedonia 50 Denar
17%
Bosnia andHerzegovina 5 Convertible Marks
17%
Turkey 5 Lira
17%
Albania 100 Lekë
0%
Ukraine 10 Hryvnias
0%
Sweden 10 Kronor
0%
Russia 10 Roubles
0%
Serbia 20 Dinara
0%
Georgia 2 Lari
0%
Belarus 2 Roubles
0%
Armenia 500 Dram
0%
Azerbaijan 50 Qəpik
0%
Switzerland 5 Francs (Circulation)/10 Francs (Minted)
0%
No matching quizzes found
Score Distribution
Percent of People with Each Score
Percentile by Number Answered
Your Score History
You have not taken this quiz